Normal view MARC view
  • Briggs, Dwight.

Entry Personal Name

Number of records used in: 1

001 - CONTROL NUMBER

  • control field: 21687

003 - CONTROL NUMBER IDENTIFIER

  • control field: NUST

005 - DATE AND TIME OF LATEST TRANSACTION

  • control field: 20190926154629.0

008 - FIXED-LENGTH DATA ELEMENTS

  • fixed length control field: 190926|| aca||aabn | a|a d

040 ## - CATALOGING SOURCE

  • Original cataloging agency: NUST
  • Transcribing agency: NUST

100 ## - HEADING--PERSONAL NAME

  • Personal name: Briggs, Dwight.

670 ## - SOURCE DATA FOUND

  • Source citation: Work cat.: (NUST)0: Briggs, Dwight., Integrated highway information systems /, [1987]
© 2023 Central Library, National University of Sciences and Technology. All Rights Reserved.